Quản lí dự án

Cơ sở quản lí dự án, phương pháp tổ chức quản lí dự án, quản lí hợp đồng, quản lí tiến độ thi công, quản lí chất lượng và xử lí sự cố công trình ở Việt Nam, quản lí tài chính dự án, một số mô hình quản lí dự án

Guardado en:
Detalles Bibliográficos
Autor principal: Nguyễn Văn Đáng
Formato: Libro
Lenguaje:Vietnamese
Publicado: H. Đồng Nai 2005
Materias:
Etiquetas: Agregar Etiqueta
Sin Etiquetas, Sea el primero en etiquetar este registro!
Thư viện lưu trữ: Mạng thư viện Đại học Đà Nẵng
LEADER 01402nam a22003738a 4500
001 000007408
003 3569
005 20111003101031.0
008 111003s2005 b 000 0 vieod
020 |c 65000đ  |d 1000b 
041 0 |a vie 
080 |a 338.1:6X 
082 |a 658  |b NG-Đ 
084 |a Q31(1)-21  |b QU105L 
100 1 |a Nguyễn Văn Đáng 
245 1 0 |a Quản lí dự án  |c Nguyễn Văn Đáng 
260 |a H.  |b Đồng Nai  |c 2005 
300 |a 576 tr.  |c 21cm. 
500 |a Thư mục: tr. 569-571 
520 |a Cơ sở quản lí dự án, phương pháp tổ chức quản lí dự án, quản lí hợp đồng, quản lí tiến độ thi công, quản lí chất lượng và xử lí sự cố công trình ở Việt Nam, quản lí tài chính dự án, một số mô hình quản lí dự án 
653 |a Quản lí 
653 |a Dự án 
653 |a Kinh tế 
910 |a Huỳnh Thị Cẩm Lai  |d 03/10/2011 
OWN |a LSP 
AVA |a UDN50  |b LSP  |d 658 NG-Đ  |e available  |t Error 5001 Not defined in file expand_doc_bib_avail.  |f 1  |g 0  |h N  |i 0  |k 1 
999 |a From the UDN01 
AVA |a UDN50  |b LSP  |d 658 NG-Đ  |e available  |t Error 5001 Not defined in file expand_doc_bib_avail.  |f 1  |g 0  |h N  |i 0  |k 1 
TYP |a Monograph 
TYP |a Printed language 
980 |a Mạng thư viện Đại học Đà Nẵng